| 000 | 00961nam a22002655i 4500 | ||
|---|---|---|---|
| 001 | 11752 | ||
| 003 | ES-MaACL | ||
| 005 | 20240507111646.0 | ||
| 007 | t| | ||
| 008 | 890421m19801992sp ||||0| spa j | ||
| 016 | 7 |
_zSAB9000048393 _zBNE19930401612 _zSIC92028593 |
|
| 020 | _a84-370-0150-1 | ||
| 040 |
_aM-BN-DP _bspa _cM-BN-DP |
||
| 080 | _a820 Shakespeare, William 1.06 | ||
| 245 | 0 | 0 |
_aEn torno a Shakespeare / _ceditado por Manuel Angel Conejero. |
| 260 |
_aValencia : _bInstituto Shakespeare, _cD.L. 1980-1992. |
||
| 300 |
_a4 v. ; _c21 cm. |
||
| 500 | _aVols. numerados: [I], II, III y IV-V. | ||
| 500 | _aTít. del vol. I: Homenaje a T.J.B. Spencer. | ||
| 600 | 1 | 4 |
_aShakespeare, William, _d1564-1616- _xCrítica e interpretación _9105993 |
| 700 | 1 |
_aConejero Dionís-Bayer, Manuel Angel. _940155 |
|
| 710 | 2 |
_aUniversidad de Valencia. _bInstituto Shakespeare. _97330 |
|
| 852 |
_aES-MaACL _jL-19047-50 _bR.125094 |
||
| 999 |
_c11752 _d11752 |
||